000 00707nam a2200229Ia 4500
005 20260601193247.0
008 260601s9999||||xx |||||||||||||| ||und||
020 _a978-3-031-58181-6
_qebk
100 _aHarkeerat Kaur
245 0 _aComputer Vision and Image Processing
250 _a2024
260 _aHeidelberg, Germany
_bSpringer Nature
_c2024
440 _aCommunications in Computer and Information Science
650 _aComputer Science
700 _aBalasubramanian Raman
700 _aPritee Khanna
700 _aPuneet Goyal
700 _aSanjeev Kumar
700 _aVinit Jakhetiya
856 _uhttps://link.springer.com/openurl?genre=book&isbn=978-3-031-58181-6
942 _cEB
_2ddc
999 _c56593
_d56593